Anteproyecto arquitectónico biblioteca municipal Rubén Darío Ciudad Sandino, departamento de Managua, Nicaragua

Presenta anteproyecto arquitectónico de la biblioteca municipal ubicada en el municipio de ciudad Sandino, el anteproyecto arquitectónico es una alternativa viable a la problemática actual de espacio y distribución que presentan las instalaciones actuales de la biblioteca municipal.

Bibliographic Details
Main Author: Escobar García, María de Lourdes
Other Authors: Tutor: García Romano, Porfirio
Format: Tesis Section = Libro
Language:Undetermined
Spanish
Published: Managua UNI 2010
Subjects:
LEADER 01011nam a2200217Ia 4500
008 240830s9999 xx 000 0 und d
040 |a BIBLIOTECA-RUSB/ T.Mon 727.8 E74 
041 |a spa 
082 |a T.Mon 727.8 E74 
100 1 |a Escobar García, María de Lourdes 
245 1 0 |a Anteproyecto arquitectónico biblioteca municipal Rubén Darío Ciudad Sandino, departamento de Managua, Nicaragua 
260 |a Managua  |b UNI  |c 2010 
300 |a 77 p. :il. 
500 |a Contiene: anexos. 
502 |a Tesis (Arquitecto) - UNI, 2010. 
520 3 |a Presenta anteproyecto arquitectónico de la biblioteca municipal ubicada en el municipio de ciudad Sandino, el anteproyecto arquitectónico es una alternativa viable a la problemática actual de espacio y distribución que presentan las instalaciones actuales de la biblioteca municipal. 
650 7 |a EDIFICIOS DE BIBLIOTECAS ARQUITECTURA - DISEÑO Y PLANOS 
700 1 |a Tutor:  |b García Romano, Porfirio 
942 |c BK  |2 ddc 
991 |a TESIS 
999 |c 22089